Statistics for Can You Name The Countries That Contain Double Letters Of A Letter In SPORCLE

Click here to take the quiz!

General Stats

  • This quiz has been taken 13 times
  • The average score is 4 of 10

Answer Stats

Answer% Correct
Cameroon
73%
Morocco
64%
Russia
64%
Andorra
45%
Greece
45%
Philippines
45%
Marshall Islands
36%
Seychelles
27%
Sierra Leone
27%
Guinea-Bissau
18%

Score Distribution

Percentile by Number Answered

Percent of People with Each Score

Your Score History

You have not taken this quiz